000 00499nam a2200193 a 4500
001 5752
003 CO-ViMGA
008 141112s2004 ck r 000 u spa d
040 _aCO-ViMGA
_bspa
_cCO-ViMGA
082 0 4 _a380.1459 A237p
100 1 _aAcerenja, Miguel Ángel
_94235
245 1 0 _aPromoción turistica :
_bun enfoque metodo lógico
250 _a6a
260 _aMexico :
_bTrillas,
_c1990
300 _a176 p : il
490 _aTrillas Turismo
650 1 4 _aTURISMO
942 _2ddc
_cBK
999 _c17733
_d17733